000
00307nam a22001337a 4500
008
171016b xxu||||| |||| 00| 0 eng d
020
_a
9780324222029
041
_a
eng
080
_2
2 ED
_a
33
100
_a
52
101
_a
ECO
245
_a
FAVORITE WAYS LEARN ECONOMICS
_c
CHASEY.J
942
_2
udc
_c
BK
999
_c
34000
_d
34000